Taste : my life through food / Stanley Tucci.
Available copies
- 2 of 2 copies available at LARL/NWRL Consortium.
- 1 of 1 copy available at Lake Agassiz Regional Library. (Show preferred library)
Current holds
0 current holds with 2 total copies.
Show Only Available Copies
| Location | Call Number / Copy Notes | Barcode | Shelving Location | Status | Due Date |
|---|---|---|---|---|---|
| Moorhead Public Library | 921 TUC (Text) | 33500013471867 | Main | Available | - |
| Roseau Public Library | 921 TUC (Text) | 35500006523367 | Main | Available | - |
Record details
- ISBN: 9781982168018
- ISBN: 1982168013
- ISBN: 9781982168025
- ISBN: 1982168021
- Physical Description: pages cm
- Edition: First Gallery Books hardcover edition.
- Publisher: New York : Gallery Books, 2021.
Content descriptions
| Summary, etc.: | "From award-winning actor and food obsessive ... Read More |
Search for related items by subject
| Genre: | Anecdotes. Biographies. |
| LDR | 02047cam a22005418i 4500 | ||
|---|---|---|---|
| 001 | 367096 | ||
| 003 | LARL_NWRL_CONSORTIUM | ||
| 005 | 20210518161458.0 | ||
| 008 | 210222s2021 nyu 000 0aeng | ||
| 010 | . | ‡a 2021007791 | |
| 040 | . | ‡aDLC ‡beng ‡erda ‡cDLC ‡dOCLCO ‡dOCLCF ‡dUAB | |
| 020 | . | ‡a9781982168018 ‡q(hardcover) | |
| 020 | . | ‡a1982168013 | |
| 020 | . | ‡a9781982168025 ‡q(trade paperback) | |
| 020 | . | ‡a1982168021 | |
| 020 | . | ‡z9781982168032 ‡q(ebook) | |
| 035 | . | ‡a(OCoLC)1197567283 | |
| 042 | . | ‡apcc | |
| 043 | . | ‡ae-it--- ‡an-us--- | |
| 082 | 0 | 0. | ‡a641.5092 ‡aB ‡223 |
| 100 | 1 | . | ‡aTucci, Stanley, ‡eauthor. ‡0(LARL_NWRL_CONSORTIUM)140594 |
| 245 | 1 | 0. | ‡aTaste : ‡bmy life through food / ‡cStanley Tucci. |
| 250 | . | ‡aFirst Gallery Books hardcover edition. | |
| 264 | 1. | ‡aNew York : ‡bGallery Books, ‡c2021. | |
| 300 | . | ‡apages cm | |
| 336 | . | ‡atext ‡btxt ‡2rdacontent | |
| 337 | . | ‡aunmediated ‡bn ‡2rdamedia | |
| 338 | . | ‡avolume ‡bnc ‡2rdacarrier | |
| 520 | . | ‡a"From award-winning actor and food obsessive Stanley Tucci comes an intimate and charming memoir of life in and out of the kitchen"-- ‡cProvided by publisher. | |
| 600 | 1 | 0. | ‡aTucci, Stanley ‡xFamily. |
| 650 | 0. | ‡aCooking, Italian ‡vAnecdotes. | |
| 650 | 0. | ‡aFood writers ‡zUnited States ‡vBiography. ‡0(LARL_NWRL_CONSORTIUM)169476 | |
| 650 | 0. | ‡aActors ‡zUnited States ‡vBiography. ‡0(LARL_NWRL_CONSORTIUM)163254 | |
| 600 | 1 | 7. | ‡aTucci, Stanley. ‡2fast ‡0(LARL_NWRL_CONSORTIUM)140594 |
| 650 | 7. | ‡aActors. ‡2fast ‡0(LARL_NWRL_CONSORTIUM)12766 | |
| 650 | 7. | ‡aCooking, Italian. ‡2fast ‡0(LARL_NWRL_CONSORTIUM)17631 | |
| 650 | 7. | ‡aFamilies. ‡2fast ‡0(LARL_NWRL_CONSORTIUM)19934 | |
| 650 | 7. | ‡aFood writers. ‡2fast ‡0(LARL_NWRL_CONSORTIUM)35929 | |
| 651 | 7. | ‡aUnited States. ‡2fast ‡0(LARL_NWRL_CONSORTIUM)54625 | |
| 655 | 7. | ‡aAnecdotes. ‡2fast | |
| 655 | 7. | ‡aBiographies. ‡2fast | |
| 776 | 0 | 8. | ‡iOnline version: ‡aTucci, Stanley. ‡tTaste ‡dNew York : Gallery Books, 2021. ‡z9781982168032 ‡w(DLC) 2021007792 |
| 905 | . | ‡uvanderl | |
| 901 | . | ‡a367096 ‡b ‡c367096 ‡tbiblio ‡soclc | |

Add to basket
Permalink
Disable Highlighting